[Event "Vicente Lopez ProAm 100 Years op"]
[Site "Buenos Aires"]
[Date "2022.10.13"]
[Round "3"]
[White "Abate, Tomas"]
[Black "Bernardo, Maximo"]
[Result "1-0"]
[WhiteElo "1822"]
[BlackElo "1476"]
[PlyCount "45"]
[EventDate "2022.10.11"]
[EventType "swiss"]
[EventRounds "9"]
[EventCountry "ARG"]
[SourceTitle "CBM 210 Extra"]
[Source "ChessBase"]
[SourceDate "2022.11.30"]
[SourceVersion "1"]
[SourceVersionDate "2022.11.30"]
[SourceQuality "1"]

1. e4 c6 2. d4 d5 3. e5 Bf5 4. Nc3 a6 5. g4 Bg6 6. h4 h6 7. h5 Bh7 8. e6 Qd6 9. exf7+ Kxf7 10. Nf3 Nd7 11. g5 g6 12. Bh3 e6 13. Ne2 c5 14. gxh6 Be7 15. Nf4 Nf8 16. Ne5+ Ke8 17. hxg6 Nxh6 18. g7 Rg8 19. Qh5+ Ng6 20. Nfxg6 Rxg7 21. Nxe7+ Kxe7 22. Bg5+ Kf8 23. Bxh6 1-0

[Event "Buenos Aires ProAm op 26th"]
[Site "Buenos Aires"]
[Date "2019.10.12"]
[Round "7"]
[White "Abate, Tomas"]
[Black "Godoy, Luciano"]
[Result "0-1"]
[WhiteElo "1819"]
[BlackElo "2130"]
[PlyCount "78"]
[EventDate "2019.10.06"]
[EventType "team-swiss"]
[EventRounds "8"]
[EventCountry "ARG"]
[SourceTitle "CBM 192 Extra"]
[Source "Chessbase"]
[SourceDate "2019.11.06"]
[SourceVersion "1"]
[SourceVersionDate "2019.11.06"]
[SourceQuality "1"]

1. e4 c5 2. Nf3 e6 3. d4 cxd4 4. Nxd4 a6 5. Bd3 Nc6 6. Nb3 Nf6 7. 0-0 Qc7 8. Nc3 b5 9. a3 Ne5 10. f4 Qb6+ 11. Kh1 Nxd3 12. cxd3 Bb7 13. Qe2 h5 14. Be3 Qd8 15. f5 Ng4 16. fxe6 dxe6 17. Qf3 Ne5 18. Qf4 f6 19. d4 Nc4 20. e5 f5 21. d5 Bxd5 22. Nxd5 Qxd5 23. Rad1 Qxe5 24. Qxe5 Nxe5 25. Bf4 Ng6 26. Bc7 Rc8 27. Ba5 Be7 28. Nd4 Kf7 29. Rde1 Nf8 30. Re2 Bf6 31. Bc3 Rc4 32. Rd1 Rh6 33. h3 g5 34. Nxe6 Nxe6 35. Rd7+ Ke8 36. Rxe6+ Kxd7 37. Rxf6 Rxf6 38. Bxf6 g4 39. hxg4 hxg4 0-1

[Event "Villa Martelli ProAm op 24th"]
[Site "Villa Martelli"]
[Date "2017.10.04"]
[Round "5"]
[White "Koch, Juan Enrique"]
[Black "Abate, Tomas"]
[Result "1/2-1/2"]
[WhiteElo "1979"]
[BlackElo "1726"]
[PlyCount "62"]
[EventDate "2017.10.01"]
[EventType "swiss"]
[EventRounds "9"]
[EventCountry "ARG"]
[SourceTitle "CBM 181 Extra"]
[Source "ChessBase"]
[SourceDate "2017.12.12"]
[SourceVersion "1"]
[SourceVersionDate "2017.12.12"]
[SourceQuality "1"]

1. c4 Nf6 2. Nc3 g6 3. e4 d6 4. d4 Bg7 5. Nge2 0-0 6. Ng3 e5 7. d5 Nbd7 8. h4 h5 9. Be2 a5 10. Bg5 Qe8 11. Nb5 Qd8 12. Bxh5 gxh5 13. Nxh5 Nc5 14. Nc3 Kh8 15. Qf3 Bg4 16. Qxf6 Bxh5 17. Qxd8 Raxd8 18. Bxd8 Rxd8 19. 0-0 Bf6 20. f3 Bxh4 21. g4 Bg6 22. Kg2 Kg7 23. Rad1 c6 24. b3 Bg5 25. Na4 Nxa4 26. bxa4 Be3 27. Rb1 cxd5 28. cxd5 b6 29. Rb3 Bc5 30. Rc3 f6 31. Rc4 Rb8 1/2-1/2

[Event "Villa Martelli ProAm op 24th"]
[Site "Villa Martelli"]
[Date "2017.10.02"]
[Round "3"]
[White "Abate, Tomas"]
[Black "Palu, Andres"]
[Result "0-1"]
[WhiteElo "1726"]
[BlackElo "2063"]
[PlyCount "88"]
[EventDate "2017.10.01"]
[EventType "swiss"]
[EventRounds "9"]
[EventCountry "ARG"]
[SourceTitle "CBM 181 Extra"]
[Source "ChessBase"]
[SourceDate "2017.12.12"]
[SourceVersion "1"]
[SourceVersionDate "2017.12.12"]
[SourceQuality "1"]

1. e4 c5 2. Nf3 g6 3. d4 cxd4 4. Nxd4 Nc6 5. c4 Nf6 6. Nc3 Nxd4 7. Qxd4 d6 8. Be3 Bg7 9. Be2 0-0 10. Qd2 Bd7 11. 0-0 Bc6 12. f3 a5 13. Rac1 a4 14. Rfd1 Nd7 15. Bd4 Bxd4+ 16. Qxd4 Qa5 17. Kh1 Rfc8 18. Nd5 Bxd5 19. exd5 Qb4 20. Bf1 Rc7 21. Re1 Nb6 22. a3 Qc5 23. Qxc5 dxc5 24. Re3 Nc8 25. Rce1 Kf8 26. Bd3 Nd6 27. Rc1 Ra6 28. Re2 Rb6 29. Bb1 Rc8 30. g4 Rb3 31. Kg2 b5 32. Ba2 bxc4 33. Bxb3 cxb3 34. Rce1 Rc7 35. Rc1 c4 36. Re3 Rc5 37. Rd1 Nb5 38. Rde1 c3 39. Rxe7 cxb2 40. Re8+ Kg7 41. Rb1 Rc2+ 42. Kg3 Nxa3 43. d6 Nxb1 44. d7 Rd2 0-1

[Event "Villa Martelli ProAm op 23rd"]
[Site "Villa Martelli"]
[Date "2016.11.25"]
[Round "7"]
[White "Bourgeois, William"]
[Black "Abate, Tomas"]
[Result "1-0"]
[WhiteElo "1850"]
[BlackElo "1814"]
[PlyCount "65"]
[EventDate "2016.11.20"]
[EventType "swiss"]
[EventRounds "9"]
[EventCountry "ARG"]
[SourceTitle "CBM 175 Extra"]
[Source "ChessBase"]
[SourceDate "2016.12.12"]
[SourceVersion "1"]
[SourceVersionDate "2016.12.12"]
[SourceQuality "1"]

1. Nf3 c5 2. c4 Nc6 3. g3 g6 4. Nc3 Bg7 5. Bg2 e6 6. 0-0 Nge7 7. e3 0-0 8. d4 cxd4 9. exd4 d5 10. c5 Nf5 11. Be3 Bd7 12. Qd2 Nxe3 13. fxe3 Ne7 14. b4 a6 15. a4 Nf5 16. Qf2 Bh6 17. Rfe1 Bc6 18. g4 Ne7 19. b5 Bd7 20. Qh4 Bg7 21. e4 axb5 22. exd5 Nxd5 23. Qxd8 Rfxd8 24. Nxb5 Bxb5 25. axb5 Rxa1 26. Rxa1 Nf4 27. b6 Ne2+ 28. Kf1 Nxd4 29. Nxd4 Bxd4 30. Rd1 e5 31. Bxb7 Rb8 32. Rxd4 exd4 33. c6 1-0

[Event "Pan American-ch U2000"]
[Site "Carilo Village"]
[Date "2016.10.30"]
[Round "9"]
[White "Abate, Tomas"]
[Black "Acosta, Carlos Humberto"]
[Result "1/2-1/2"]
[WhiteElo "1814"]
[BlackElo "1726"]
[PlyCount "69"]
[EventDate "2016.10.25"]
[EventType "swiss"]
[EventRounds "9"]
[EventCountry "ARG"]
[SourceTitle "EXT 2022"]
[Source "ChessBase"]
[SourceDate "2021.10.06"]
[SourceVersion "1"]
[SourceVersionDate "2021.10.06"]
[SourceQuality "1"]

1. e4 e5 2. Nf3 Nc6 3. d4 exd4 4. Nxd4 Nf6 5. Nxc6 bxc6 6. Qe2 Be7 7. e5 Nd5 8. c4 Bb4+ 9. Bd2 Bxd2+ 10. Qxd2 Ne7 11. Bd3 0-0 12. 0-0 d5 13. exd6 Qxd6 14. Qc2 Ng6 15. Nc3 Be6 16. Rad1 Qe7 17. Rfe1 Qh4 18. b3 Rae8 19. Be4 Bg4 20. f3 Bc8 21. Qf2 Qf6 22. Ne2 a6 23. Qc5 Qb2 24. Qd4 Qa3 25. Bxc6 Re6 26. Bd5 Rd8 27. Qa7 Re7 28. Nc3 Rxe1+ 29. Rxe1 Qa5 30. b4 Qxb4 31. Qxc7 Rf8 32. Re8 Be6 33. Bxe6 fxe6 34. Rxf8+ Nxf8 35. Qe5 1/2-1/2

[Event "Pan American-ch U2000"]
[Site "Carilo Village"]
[Date "2016.10.27"]
[Round "4"]
[White "Ardiles, Manuel"]
[Black "Abate, Tomas"]
[Result "0-1"]
[WhiteElo "1932"]
[BlackElo "1814"]
[PlyCount "48"]
[EventDate "2016.10.25"]
[EventType "swiss"]
[EventRounds "9"]
[EventCountry "ARG"]
[SourceTitle "EXT 2022"]
[Source "ChessBase"]
[SourceDate "2021.10.06"]
[SourceVersion "1"]
[SourceVersionDate "2021.10.06"]
[SourceQuality "1"]

1. d4 Nf6 2. c4 g6 3. Nc3 Bg7 4. e4 d6 5. Be2 0-0 6. Bg5 c6 7. Nf3 Nbd7 8. Qd2 e5 9. h4 exd4 10. Nxd4 Nc5 11. 0-0-0 Ncxe4 12. Nxe4 Nxe4 13. Bxd8 Nxd2 14. Rxd2 Rxd8 15. Kc2 d5 16. cxd5 Rxd5 17. Rhd1 Bh6 18. Bc4 Rc5 19. Kb3 Bxd2 20. Rxd2 Bf5 21. Nxf5 Rxf5 22. f3 h5 23. Bf1 a6 24. a4 c5 0-1

[Event "Pan American-ch U2000"]
[Site "Carilo Village"]
[Date "2016.10.26"]
[Round "3"]
[White "Abate, Tomas"]
[Black "Croes, Octavio"]
[Result "0-1"]
[WhiteElo "1814"]
[BlackElo "1850"]
[PlyCount "58"]
[EventDate "2016.10.25"]
[EventType "swiss"]
[EventRounds "9"]
[EventCountry "ARG"]
[SourceTitle "EXT 2022"]
[Source "ChessBase"]
[SourceDate "2021.10.06"]
[SourceVersion "1"]
[SourceVersionDate "2021.10.06"]
[SourceQuality "1"]

1. e4 c5 2. Nf3 d6 3. d4 cxd4 4. Nxd4 a6 5. c4 Nf6 6. Nc3 g6 7. Be2 Bg7 8. Be3 Nc6 9. Qd2 Ng4 10. Bxg4 Bxg4 11. f3 Bd7 12. Nd5 0-0 13. Nxc6 Bxc6 14. Bb6 Qd7 15. Bd4 Bxd5 16. cxd5 Bxd4 17. Qxd4 Qb5 18. Kf2 f5 19. e5 dxe5 20. Qxe5 Qb6+ 21. Kf1 Rac8 22. Qe2 Rc5 23. Rd1 Qd6 24. Kf2 Rfc8 25. Rd2 Rxd5 26. Rxd5 Qxd5 27. Qxe7 Rc2+ 28. Kg3 f4+ 29. Kxf4 Qd2+ 0-1

[Event "Pan American-ch U2000"]
[Site "Carilo Village"]
[Date "2016.10.25"]
[Round "1"]
[White "Abate, Tomas"]
[Black "Zimmermann, Kleber Renato P"]
[Result "1/2-1/2"]
[WhiteElo "1814"]
[BlackElo "1936"]
[PlyCount "99"]
[EventDate "2016.10.25"]
[EventType "swiss"]
[EventRounds "9"]
[EventCountry "ARG"]
[SourceTitle "EXT 2022"]
[Source "ChessBase"]
[SourceDate "2021.10.06"]
[SourceVersion "1"]
[SourceVersionDate "2021.10.06"]
[SourceQuality "1"]

1. e4 c5 2. Nf3 d6 3. d4 cxd4 4. Nxd4 Nf6 5. Nc3 a6 6. Bg5 e6 7. f4 Be7 8. Qf3 h6 9. Bh4 Qc7 10. Qg3 g5 11. fxg5 hxg5 12. Bxg5 Nh5 13. Qe3 Bxg5 14. Qxg5 Qc5 15. Qxc5 dxc5 16. Nf3 b5 17. e5 Bb7 18. Bd3 Nf4 19. Be4 Bxe4 20. Nxe4 Nd7 21. g3 Nd5 22. Nd6+ Ke7 23. 0-0-0 Raf8 24. c4 Ne3 25. Rd3 Ng4 26. Rd2 b4 27. Rhd1 Ndxe5 28. Nxe5 Nxe5 29. Ne4 Rc8 30. b3 Rc7 31. h4 a5 32. Kb2 a4 33. Nd6 axb3 34. axb3 Rg8 35. Ne4 Rg4 36. Re2 Nf3 37. Rf1 Nd4 38. Re3 Nf5 39. Rxf5 exf5 40. Nf2+ Kd6 41. Nxg4 fxg4 42. Kc2 f5 43. Kd3 Rf7 44. Re8 f4 45. gxf4 Rxf4 46. Re3 Rd4+ 47. Kc2 Rf4 48. Kd3 Rd4+ 49. Kc2 Rf4 50. Kd3 1/2-1/2

[Event "Buenos Aires Rubinstein Memorial 26th"]
[Site "Buenos Aires"]
[Date "2016.08.08"]
[Round "4"]
[White "Abate, Tomas"]
[Black "Bernal, Lucas"]
[Result "1-0"]
[WhiteElo "1803"]
[BlackElo "1966"]
[PlyCount "73"]
[EventDate "2016.08.06"]
[EventType "swiss"]
[EventRounds "8"]
[EventCountry "ARG"]
[SourceTitle "CBM 174 Extra"]
[Source "ChessBase"]
[SourceDate "2016.10.10"]
[SourceVersion "1"]
[SourceVersionDate "2016.10.10"]
[SourceQuality "1"]

1. d4 d5 2. Nf3 Nf6 3. c4 c6 4. g3 Bf5 5. Qb3 Qb6 6. c5 Qxb3 7. axb3 Na6 8. Bd2 Ne4 9. Nh4 Bg6 10. Nxg6 hxg6 11. Ba5 e5 12. e3 Nb8 13. Bc7 Nd7 14. b4 Rc8 15. Bxe5 Nxe5 16. dxe5 a6 17. Nc3 Rh5 18. Nxe4 dxe4 19. e6 fxe6 20. Bg2 Re5 21. Ke2 Rd8 22. Rhd1 Rdd5 23. Rd4 Rxd4 24. exd4 Rh5 25. h4 g5 26. hxg5 Rxg5 27. Bxe4 Be7 28. b5 axb5 29. Ra7 e5 30. Rxb7 exd4 31. Bxc6+ Kf8 32. b4 Bf6 33. Bxb5 Re5+ 34. Kd3 Rf5 35. f4 Rd5 36. c6 Bd8 37. Bc4 1-0

[Event "Buenos Aires Rubinstein Memorial 26th"]
[Site "Buenos Aires"]
[Date "2016.08.07"]
[Round "2"]
[White "Godoy, Carlos"]
[Black "Abate, Tomas"]
[Result "1-0"]
[WhiteElo "2074"]
[BlackElo "1803"]
[PlyCount "35"]
[EventDate "2016.08.06"]
[EventType "swiss"]
[EventRounds "8"]
[EventCountry "ARG"]
[SourceTitle "CBM 174 Extra"]
[Source "ChessBase"]
[SourceDate "2016.10.10"]
[SourceVersion "1"]
[SourceVersionDate "2016.10.10"]
[SourceQuality "1"]

1. e4 c5 2. Nf3 d6 3. d4 cxd4 4. Nxd4 Nf6 5. Nc3 g6 6. Be3 Bg7 7. Be2 Nc6 8. 0-0 0-0 9. Nb3 Be6 10. f4 Na5 11. Nd4 Bc4 12. Bd3 Qd7 13. h3 d5 14. e5 Ne4 15. Nce2 Nc6 16. b3 Bxd3 17. cxd3 Nxd4 18. Bxd4 1-0

[Event "ARG-ch sf"]
[Site "Vicente Lopez"]
[Date "2016.06.30"]
[Round "7"]
[White "Jorge, Cristian"]
[Black "Abate, Tomas"]
[Result "1-0"]
[WhiteElo "2177"]
[BlackElo "1746"]
[PlyCount "79"]
[EventDate "2016.06.25"]
[EventType "swiss"]
[EventRounds "9"]
[EventCountry "ARG"]
[SourceTitle "CBM 173 Extra"]
[Source "ChessBase"]
[SourceDate "2016.08.29"]
[SourceVersion "1"]
[SourceVersionDate "2016.08.29"]
[SourceQuality "1"]

1. e4 d6 2. d4 Nf6 3. Nc3 g6 4. Be2 Bg7 5. Bg5 c5 6. Nf3 cxd4 7. Nxd4 Qa5 8. Bxf6 Bxf6 9. 0-0 Nc6 10. Nb3 Qd8 11. f4 0-0 12. Qd2 Be6 13. Rad1 a6 14. Qe3 Nb4 15. e5 Bg7 16. Nd4 Bd7 17. a3 Nc6 18. Nf3 dxe5 19. fxe5 e6 20. Ne4 Nxe5 21. Nxe5 Bxe5 22. Nc5 Bxh2+ 23. Kxh2 Qc7+ 24. Kg1 Bc6 25. Nd3 Bd5 26. c3 Bb3 27. Rde1 f5 28. Nc5 Qb6 29. Bd3 Rfe8 30. Nxb3 Qxb3 31. Qe2 Rac8 32. Rf4 Qb6+ 33. Kh1 Qd6 34. Rd4 Qg3 35. Qe5 Qf2 36. Rf1 Qd2 37. Bxf5 Qh6+ 38. Bh3 Rc6 39. Rd7 b5 40. Rff7 1-0

[Event "Latin Cup-A 6th"]
[Site "Buenos Aires"]
[Date "2015.03.23"]
[Round "7"]
[White "Abate, Tomas"]
[Black "Da Silva, Joao Carlos Orguim"]
[Result "0-1"]
[WhiteElo "1720"]
[BlackElo "1895"]
[PlyCount "136"]
[EventDate "2015.03.19"]
[EventType "swiss"]
[EventRounds "9"]
[EventCountry "ARG"]
[SourceTitle "CBM 165 Extra"]
[Source "ChessBase"]
[SourceDate "2015.04.21"]
[SourceVersion "1"]
[SourceVersionDate "2015.04.21"]
[SourceQuality "1"]

1. d4 Nf6 2. Nf3 d5 3. Bf4 e6 4. e3 Bd6 5. Bg3 Qe7 6. Bd3 Nbd7 7. c3 a6 8. Nbd2 c5 9. a4 e5 10. dxe5 Nxe5 11. Nxe5 Bxe5 12. Bxe5 Qxe5 13. Nf3 Qc7 14. h3 h6 15. 0-0 Be6 16. Qe2 0-0 17. c4 Rfe8 18. cxd5 Bxd5 19. Bc4 Bxc4 20. Qxc4 Re4 21. Qc2 Qe7 22. Nd2 Rb4 23. Rfc1 Nd7 24. Nc4 a5 25. b3 b6 26. Na3 Qe6 27. Nc4 Ne5 28. Qe4 Re8 29. Qxe5 Qxe5 30. Nxe5 Rxe5 31. Rc3 Rd5 32. Rb1 Rd2 33. Ra1 Rb2 34. Ra3 Kf8 35. g3 Ke7 36. Kg2 Ke6 37. Kf3 Ke5 38. g4 g5 39. Rd3 f6 40. Rc3 Rb1 41. Kg3 f5 42. gxf5 Kxf5 43. f3 h5 44. e4+ Ke5 45. Rd3 Rd4 46. Rc3 Rd2 47. f4+ gxf4+ 48. Kh4 Kxe4 49. Rc4+ Rd4 50. Rc2 f3 51. Kxh5 Rd3 52. Raa2 Ke3 53. h4 Rbd1 54. Kg4 Rg1+ 55. Kf5 Rh1 56. Rc4 Rxb3 57. Re4+ Kd3 58. Rf4 Rf1 59. h5 Rb4 60. Ra3+ Kc2 61. Raxf3 Rxf3 62. Rxf3 Rh4 63. Kg5 Rh1 64. h6 c4 65. Kg6 c3 66. Rf5 Kd3 67. h7 c2 68. Rd5+ Ke4 0-1

[Event "Buenos Aires Duchamp Boca op 3rd"]
[Site "Buenos Aires"]
[Date "2013.06.25"]
[Round "5"]
[White "Lopez Rebert, Pablo"]
[Black "Abate, Tomas"]
[Result "1-0"]
[WhiteElo "2029"]
[BlackElo "1601"]
[PlyCount "99"]
[EventDate "2013.06.20"]
[EventType "swiss"]
[EventRounds "9"]
[EventCountry "ARG"]
[SourceTitle "CBM 155 Extra"]
[Source "ChessBase"]
[SourceDate "2013.08.26"]
[SourceVersion "1"]
[SourceVersionDate "2013.08.26"]
[SourceQuality "1"]

1. e4 d6 2. d4 Nf6 3. Bd3 g6 4. c4 c5 5. Ne2 cxd4 6. Nxd4 Nc6 7. Be3 Bg7 8. Nc3 Ng4 9. Nxc6 bxc6 10. Bd2 0-0 11. Be2 Nf6 12. 0-0 Nd7 13. Be3 c5 14. Qd2 Bb7 15. Rad1 Re8 16. f3 Qb6 17. a3 a5 18. Nb5 Bc6 19. a4 Bxb5 20. cxb5 Qc7 21. b3 Nb6 22. Rc1 Red8 23. f4 Nd7 24. Bf3 Rac8 25. Rfd1 Qa7 26. Bg4 Rc7 27. Bf2 Nf8 28. Kh1 Ne6 29. Bxe6 fxe6 30. Be1 Ra8 31. Qd3 Bh6 32. g3 Qb7 33. Qc4 Kf7 34. Rc2 Bg7 35. Rg2 Bd4 36. Bf2 d5 37. exd5 exd5 38. Qe2 Bf6 39. Re1 Qb6 40. f5 Re8 41. g4 g5 42. Qf3 Qb7 43. Bg3 Rd7 44. Re6 Rc8 45. Rge2 c4 46. Kg2 cxb3 47. Qxb3 Rc3 48. Rxf6+ exf6 49. Qxc3 d4+ 50. Qf3 1-0

[Event "Buenos Aires Duchamp Boca op 3rd"]
[Site "Buenos Aires"]
[Date "2013.06.24"]
[Round "4"]
[White "Tomas Falcon, Jesus"]
[Black "Abate, Tomas"]
[Result "1-0"]
[WhiteElo "1944"]
[BlackElo "1601"]
[PlyCount "51"]
[EventDate "2013.06.20"]
[EventType "swiss"]
[EventRounds "9"]
[EventCountry "ARG"]
[SourceTitle "CBM 155 Extra"]
[Source "ChessBase"]
[SourceDate "2013.08.26"]
[SourceVersion "1"]
[SourceVersionDate "2013.08.26"]
[SourceQuality "1"]

1. e4 d6 2. d4 Nf6 3. Nc3 g6 4. f4 Bg7 5. Nf3 0-0 6. Be2 Nfd7 7. Be3 e6 8. Qd2 Nc6 9. 0-0-0 Ne7 10. g4 d5 11. e5 f5 12. h4 fxg4 13. Ng5 Nb6 14. Bxg4 Nf5 15. Bxf5 Rxf5 16. h5 Nc4 17. Qd3 Qf8 18. hxg6 hxg6 19. Ne2 Qb4 20. Qb3 Qxb3 21. axb3 Nxe3 22. Rdg1 Rf8 23. Nh7 Rf7 24. Rxg6 Nf5 25. Nf6+ Kf8 26. Rh8+ 1-0

[Event "Villa Martelli Pro Am op 15th"]
[Site "Villa Martelli"]
[Date "2008.10.12"]
[Round "3"]
[White "Abate, Tomas"]
[Black "Lorenzo De Los Santos, Luis L"]
[Result "1-0"]
[WhiteElo "1618"]
[BlackElo "2120"]
[PlyCount "101"]
[EventDate "2008.10.10"]
[EventType "swiss"]
[EventRounds "9"]
[EventCountry "ARG"]
[SourceTitle "CBM 126 Extra"]
[Source "ChessBase"]
[SourceDate "2008.11.05"]
[SourceVersion "1"]
[SourceVersionDate "2008.11.05"]
[SourceQuality "1"]

1. d4 g6 2. c4 Bg7 3. e4 d6 4. Nc3 Nd7 5. f3 e5 6. d5 Ngf6 7. Be3 0-0 8. Bd3 b6 9. Qd2 Nc5 10. Bc2 Bb7 11. b4 Ncd7 12. Nge2 Ba6 13. Bd3 Bb7 14. Bh6 a5 15. b5 Bc8 16. h4 Nc5 17. Bc2 Bd7 18. h5 Qe7 19. Bg5 Qd8 20. hxg6 fxg6 21. Bh6 Qe7 22. a4 Rab8 23. 0-0-0 Ra8 24. Rdg1 Bxh6 25. Qxh6 Qg7 26. Qh4 Be8 27. g4 Kh8 28. Rg3 Bf7 29. Qh2 Bg8 30. Rh3 Rf7 31. Ng3 Qf8 32. g5 Nfd7 33. Nf5 Qe8 34. Rh6 Nf8 35. Nh4 Rg7 36. f4 exf4 37. Qxf4 Qe5 38. Qf6 Qxf6 39. gxf6 Rf7 40. Rxg6 Ncd7 41. e5 dxe5 42. Ne4 Re8 43. Rh6 Nc5 44. Ng5 Rd7 45. Ng6+ Nxg6 46. Bxg6 Rf8 47. Nxh7 Bxh7 48. Rxh7+ Rxh7 49. Rxh7+ Kg8 50. f7+ Rxf7 51. Rxf7 1-0

[Event "Villa Martelli Rubinstein Memorial"]
[Site "Villa Martelli"]
[Date "2008.08.03"]
[Round "6.16"]
[White "Abate, Tomas"]
[Black "Caceres Recalde, Fernando"]
[Result "0-1"]
[WhiteElo "1616"]
[BlackElo "1863"]
[PlyCount "130"]
[EventDate "2008.07.29"]
[EventType "swiss"]
[EventRounds "9"]
[EventCountry "ARG"]
[SourceTitle "EXT 2024"]
[Source "ChessBase"]
[SourceDate "2023.10.10"]
[SourceVersion "1"]
[SourceVersionDate "2023.10.10"]
[SourceQuality "1"]

1. d4 Nf6 2. c4 g6 3. Nc3 Bg7 4. e4 d6 5. f4 0-0 6. e5 dxe5 7. fxe5 Nfd7 8. b4 a5 9. bxa5 c5 10. e6 Bxd4 11. exd7 Bxc3+ 12. Bd2 Bxd2+ 13. Qxd2 Qxd7 14. Nf3 Qxd2+ 15. Nxd2 Rxa5 16. Nb3 Ra3 17. Nxc5 Nd7 18. Nb3 b6 19. Be2 Nc5 20. Nxc5 bxc5 21. Kf2 Be6 22. Rhc1 Rfa8 23. Rc2 Bf5 24. Rd2 Be6 25. Rc2 R8a4 26. Kf1 Kg7 27. Kf2 Kf6 28. Kf1 Kg5 29. Ke1 Kf6 30. Kf2 Bf5 31. Rb2 Rb4 32. Rd2 Be4 33. Rc1 Rba4 34. Ra1 e6 35. Rb2 Bd3 36. Bxd3 Rxd3 37. Rc1 Rda3 38. Rcc2 h5 39. Kf1 Ke5 40. Ke1 f5 41. Re2+ Kd4 42. Rxe6 Kxc4 43. Rxg6 Rxa2 44. Rbb6 Rb4 45. Rbd6 Rb1+ 46. Rd1 Rbb2 47. Kf1 Kb3 48. Rb6+ Kc2 49. Rxb2+ Rxb2 50. Rd5 c4 51. Rxf5 c3 52. Rxh5 Kb1 53. Rc5 c2 54. h4 c1Q+ 55. Rxc1+ Kxc1 56. g3 Rd2 57. Kg1 Kc2 58. h5 Kd3 59. h6 Ke4 60. h7 Rd8 61. h8Q Rxh8 62. Kf2 Rf8+ 63. Kg2 Kf5 64. Kh3 Rh8+ 65. Kg2 Kg4 0-1